000 00651nam a2200217 a 4500
003 AR-BaBNM
005 20251128203422.0
008 082120s2002 ||||||||||||||000 | spa||
040 _cAR-BaBNM
110 2 _aEscuelas Pías
245 0 0 _aDiccionario griego-español
260 _aBuenos Aires
_bKapelusz
_c1945
300 _a930 p.
_bil., mapas
500 _aIncluye en la página 795 esquemas de morfología de la lengua: adjetivos, verbos, pronombres, etc. y listado de verbos de conjugación irregular
650 4 _aDICCIONARIOS
650 4 _aGRIEGO CLASICO
650 4 _aESPAÑOL
655 _aREFERENCIA
942 _cBK
998 _claura
999 _c3303
_d3303